000 00456nam a22001817a 4500
003 NUST - PNEC
005 20170116181135.0
008 151007b xxu||||| |||| 00| 0 eng d
020 _a-
040 _cLIBRARY
082 _a624.171 NOR
100 _914270
_aNorris, Charles Head
245 _aElementary structural analysis
_cCharles Head Norris
250 _a2nd ed.
260 _c1960
650 _914269
_aStructural analysis
942 _2ddc
_cBK
999 _c70211
_d70211